00751nam a22002297a 4500003000500000005001700005008004100022010001000063011001000073035001000083040000900093100003200102245010200134260004000236300002000276502007500296650002400371650003200395650003100427650003500458700002800493CHAP20220329135555.0971013s1994 r 00010 d a38725 a39697 a43822 cCHAP00aMartínez Arellano, Jorge. aPatrón de crecimiento de Andropogon gayanus a diferentes niveles de fertilización nitrogenada aChapingo, Méx. :bEl autor,c1994 a59 h.b: tabls. aTesis (Ing. Agr. Esp. en Zootecnia) -- UACH. Departamento de Zootecnia14aAndropogon gayanus.14aFertilizantes nitrogenados.14aFertilizantes para pastos.14aNitrógenoxEfecto en pastos.0 aVarela, César Iván.